000 00438nam a2200169Ia 4500
003 LK-CoDNM
005 20240924101739.0
008 010623t xxu||||| |||| 00| 1 eng d
040 _aLK-CoDNM
_dLK-CoDNM
_eLK-CoDNM
041 _aeng
080 _a15
_bD26.3
100 _aSivagurunathan,V.S.
245 _aA Digest of Ceylon Cases : Reported During Years 1958-1962
260 _bPoint Pedro
300 _b114p. ; 25 cm
942 _cBK
999 _c133408
_d133408